MARC
| LEADER | 00000cam a2200000 7i4500 | ||
|---|---|---|---|
| 001 | 0000002220 | ||
| 002 | 000002420 | ||
| 005 | 20021001.0 | ||
| 020 | |a 000002420 | ||
| 090 | 0 | 0 | |a 796.352 |b CRE |
| 100 | 1 | |a Crenshaw, Ben | |
| 245 | 1 | 4 | |a The art of putting [ |h video recording] |c Ben Crenshaw |
| 260 | |a s.l : |b s.n , |c 19- | ||
| 300 | |a 1 Video recording VHS (60 minutes) : |b ol.(PAL) | ||
| 500 | |a Library has 1 copy | ||
| 650 | 0 | 0 | |a Golf |
| 999 | |a 00117 |b VIDEO |c KOLEKSI AUDIO VIDEO |e PERPUSTAKAAN KOMUNITI PETALING JAYA | ||